Chamberlain's symptoms and signs in clinical medicine : (Record no. 152300)
[ view plain ]
| 000 -LEADER | |
|---|---|
| fixed length control field | 01145cam a2200277 a 4500 |
| 001 - CONTROL NUMBER | |
| control field | vtls003247842 |
| 003 - CONTROL NUMBER IDENTIFIER | |
| control field | MY-SjTCS |
| 005 - DATE AND TIME OF LATEST TRANSACTION | |
| control field | 20200226115710.0 |
| 008 - FIXED-LENGTH DATA ELEMENTS--GENERAL INFORMATION | |
| fixed length control field | 121206s2010 enka b 001 0 eng |
| 020 ## - INTERNATIONAL STANDARD BOOK NUMBER | |
| International Standard Book Number | 9780340974254 (pbk.) |
| 035 ## - SYSTEM CONTROL NUMBER | |
| System control number | 17021437 |
| 039 #9 - LEVEL OF BIBLIOGRAPHIC CONTROL AND CODING DETAIL [OBSOLETE] | |
| Level of rules in bibliographic description | 201302160917 |
| Level of effort used to assign nonsubject heading access points | pushpa |
| -- | 201212061731 |
| -- | malathy |
| 082 04 - DEWEY DECIMAL CLASSIFICATION NUMBER | |
| Classification number | 616.075 |
| Item number | CHA 2010 |
| 245 00 - TITLE STATEMENT | |
| Title | Chamberlain's symptoms and signs in clinical medicine : |
| Remainder of title | an introduction to medical diagnosis. |
| 246 30 - VARYING FORM OF TITLE | |
| Title proper/short title | Symptoms and signs in clinical medicine |
| 250 ## - EDITION STATEMENT | |
| Edition statement | 13th ed. / |
| Remainder of edition statement | edited by Andrew R. Houghton, David Gray. |
| 260 ## - PUBLICATION, DISTRIBUTION, ETC. | |
| Place of publication, distribution, etc. | London : |
| Name of publisher, distributor, etc. | Hodder Arnold, |
| Date of publication, distribution, etc. | 2010 |
| 300 ## - PHYSICAL DESCRIPTION | |
| Extent | xi, 491 p. : |
| Other physical details | ill. (some col.) ; |
| Dimensions | 25 cm. |
| 500 ## - GENERAL NOTE | |
| General note | Rev. ed. of: Chamberlain's symptoms and signs in clinical medicine / Colin Ogilvie, Christopher C. Evans. 12th ed. c1997. |
| 504 ## - BIBLIOGRAPHY, ETC. NOTE | |
| Bibliography, etc. note | Includes bibliographical references and index. |
| 650 #0 - SUBJECT ADDED ENTRY--TOPICAL TERM | |
| Topical term or geographic name entry element | Diagnosis. |
| 9 (RLIN) | 8350 |
| 650 #0 - SUBJECT ADDED ENTRY--TOPICAL TERM | |
| Topical term or geographic name entry element | Symptoms. |
| 9 (RLIN) | 26565 |
| 700 1# - ADDED ENTRY--PERSONAL NAME | |
| Personal name | Houghton, Andrew R. |
| 9 (RLIN) | 66846 |
| 700 1# - ADDED ENTRY--PERSONAL NAME | |
| Personal name | Gray, David, |
| Dates associated with a name | 1949- |
| 9 (RLIN) | 66847 |
| 700 1# - ADDED ENTRY--PERSONAL NAME | |
| Personal name | Chamberlain, E. Noble |
| Fuller form of name | (Ernest Noble), |
| Dates associated with a name | 1899-1974. |
| Title of a work | Symptoms and signs in clinical medicine. |
| Withdrawn status | Lost status | Source of classification or shelving scheme | Damaged status | Not for loan | Home library | Current library | Date acquired | Total Checkouts | Barcode | Date last seen | Copy number | Koha item type | Public note |
|---|---|---|---|---|---|---|---|---|---|---|---|---|---|
| Missing Stock take | Dewey Decimal Classification | Clinical School | Clinical School | 04/01/2013 | 5000140680 | 05/12/2019 | 1 | SOM Main Collection | SOMxx,33001,03,CL |